000 00961nam a2200229 a 4500
008 120416s1995 ||||||||||||||||| || u
020 _a0750611987
050 _aTJ 1075 Nea
100 _aNeale, M. J
245 1 4 _aThe Tribology handbook. (2nd ed.)
_cedited by M.J. Neale
250 _a2nd ed.
260 _aOxford
_bButterworth/Heinemann
_c1995
300 _aVarious pagings : ill
350 _a0.00
650 _aTRIBOLOGY--HANDBOOKS, MANUALS, ETC
650 _aENGINEERING
650 _aMECHANICAL ENGINEERING--HANDBOOKS, MANUALS, ETC
856 _uhttp://www.loc.gov/catdir/toc/els032/95041661.html
856 _uhttp://www.loc.gov/catdir/description/els032/95041661.html
995 _aREFERENCE BOOKS
_D0.00
_e728885
_FCBU-MAIN LIBRARY (Kitwe)
_H2
_I84.00
_jTJ 1075 Nea
_M1
_UREFERENCE
_y020581
_ZReference Collection
995 _aREFERENCE BOOKS
_D0.00
_e020582
_FCBU-MAIN LIBRARY (Kitwe)
_H1
_I84.00
_jTJ 1075 Nea
_M2
_UREFERENCE
_y020582
_ZReference Collection
999 _c81438
_d81438